000 00494nam a2200169Ia 4500
008 090711s9999 xx 000 0 und d
082 _b30977
100 _aभावे पुरुषोत्तम भा.
245 _aध्यास
260 _c1973
300 _a148
600 _aभावे पुरुषोत्तम भा.
630 _aध्यास
700 _aभावे पुरुषोत्तम भा.
730 _aध्यास
942 _cBOOK
999 _c331021
_d331021